000 01826nam0a22003131 4500
001 rc\3157900
005 20260406201931.0
021 _aRU
_b[77-18976]
035 _a(NLR Aleph) 007324310
090 _a5942752
_c5942752
100 _a20120615d1976 |||y0rusy50 ca
101 0 _arus
102 _aRU
105 _aa z |||||
200 1 _aСовременное состояние и перспективы развития автоматизации поверки средств электроизмерительной техники
_f[В.И. Бородатый, Н.Н. Вострокнутов, Р.Э. Капиев и др.]
_gВсесоюз. науч.-исслед. ин-т физ.-техн. и радиотехн. измерений, Львов. филиал. Всесоюз. науч.-исслед. ин-т техн. информации, классификации и кодирования
210 _aМосква
_cВНИИКИ
_d1976
215 _a64 с.
_cил.
_d21
225 1 _aОбзорная информация
_iСерия "Метрологическое обеспечение измерений"
320 _aСписок лит.: с. 57-63 (63 назв.)
606 _aЭлектроизмерительные приборы
_xПоверка
_xАвтоматизация
_jОбзоры литературы информационные
_2psbo
701 1 _aВострокнутов
_bН.Н.
701 1 _aБородатый
_bВ.И.
_gВладимир Ильич
701 1 _aКапиев
_bР.Э.
712 0 2 _aВНИИ физико-технических и радиотехнических измерений
_bЛьвовский филиал
_9419819
_3RU\NLR\AUTH\889961749
801 0 _aRU
_bNLR
_gpsbo
801 1 _aRU
_bELAR
_2rusmarc
852 _aNLR
_j77-4/9161
942 _cBOOK
980 _aNB